1611 1113 1709 1698 1379 1347 1712 1000 1473 1342 1285 1237 1156 1446 1361 1948 1411 1684 1425 1145 1795 1377 1098 1080 1139 1995 1718 1148 1366 1748 1298 1701 1758 1828 1765 1987 1466 1067 1742 1136 1571 1305 1362 1163 1047 1456 1607 1053 1540 1546 1855 1865 1898 1885 1079 1520 1151 1939 1278 1241 1012 1671 1854 1983 1606 1699 1062 1782 1495 1599 1687 1224 1945 1352 1264 1549 1290 1896 1944 1537 1408 1009 1799 1430 1458 1868 1147 1984 1255 1314 1929 1796 1082 1362 1570 1575 1134 1448 1376 BCNSPRNW ULIB Ver.6.0+V

เปลี่ยนเป็นภาษาไทย

Change to English
 แสดงรายละเอียดบรรณานุกรม
  กลับหน้าหลัก

Brief Record : Get Marc (ISO 2709) : E-mail record : QR code < ปิดหน้าต่าง
LEADER : 00000nam 2200000uu 4500
001    13399121372
003     ULIB
008    020711s2548 th a 000 0 tha d
020    9749343530
099    ^aวจ.QT225^bก673ร
100    กิตติพร เนาว์สุวรรณ
110    วิทยาลัยบรมราชชนนี นราธิวาส
245    รูปแบบการออกกำลังกายแบบกะลาบิค /^cกิตติพร เนาว์สุวรรณ,พรทิวา คงคุณ,รังสฤษฏ์ แวดือรานม
260    นราธิวาส :^bวิทยาลัยบรมราชชนนี นราธิวาส,^c2548
300    209 หน้า
650    ออกกำลังกาย^xวิจัย
650    กะลาบิค^xวิจัย
700    พรทิวา คงคุณ
700    รังสฤษฏ์ แวดือรานม
710    มหาวิทยาลัยนราธิวาสราชนครินทร์
945    ^p0^l0^i033101
999    ^aวรรณษา ชูชัยมงคล
รายการนี้ยังไม่มีแท็ก
คุณยังไม่ได้ล็อกอิน คุณสามารถมีกิจกรรมร่วมกับเว็บไซต์ได้ แต่ต้องล็อกอินก่อน ::
  ล็อกอิน

รายการสื่อสารสนเทศ

ลำดับที่ ประเภท เลขเรียก/บาร์โค้ด สถานที่ สถานะ
1. งานวิจัย
งานวิจัย
วจ.QT225 ก673ร ฉ.1 
  Barcode: 033101
ห้องสมุดวิทยาเขตสวรรค์ประชารักษ์
►วิจัย
บนชั้น

รายการใกล้เคียง
    ผู้แต่ง [กิตติพร เนาว์สุวรรณ]

BibComment


ยังไม่เคยถูกคอมเมนท์

คอมเมนท์ทรัพยากรรายการนี้
  คอมเมนท์: รูปแบบการออกกำลัง..


 Copyright 2026. Bcnsprnw @Library